Convivir con el autismo : una orientación para padres y educadores /

Convivir con el autismo está dirigido a los familiares y amigos de personas autistas, así como a los profesionales que trabajan con ellas. Basándose en su experiencia personal, Stanton nos ofrece una sincera descripción de lo que realmente significa convivir con el autismo para todas las personas im...

Descripción completa

Detalles Bibliográficos
Autor principal: Stanton, Mike 1952-
Formato: Libro
Lenguaje:español
Publicado: Barcelona Paidós 2002
Colección:Guías para padres
Materias:
Acceso en línea:

MARC

LEADER 00000cam a2200000 a 4500
001 018566
003 UAHC_CL
005 20170803121639.0
008 121109s2002 sp 000 spa
020 |a 8449311810 
040 |a UAHC_CL  |c UAHC_CL  |d UAHC_CL 
082 0 4 |a 618.928982  |b S792  |2 20 
100 1 |a Stanton, Mike  |d 1952- 
245 1 0 |a Convivir con el autismo :  |b una orientación para padres y educadores /  |c Mike Stanton. 
260 |b Paidós  |a Barcelona  |c 2002 
300 |a 133 p. 
490 0 |a Guías para padres 
520 |a Convivir con el autismo está dirigido a los familiares y amigos de personas autistas, así como a los profesionales que trabajan con ellas. Basándose en su experiencia personal, Stanton nos ofrece una sincera descripción de lo que realmente significa convivir con el autismo para todas las personas implicadas. Este libro constituye una inestimable fuente de información y consejos para los profesionales que trabajan con estos niños y proporciona ánimo y apoyo a las familias de niños autistas. El resultado es una lectura amena y gratificante que une los conocimientos de Stanton acerca del autismo con su experiencia profesional. Sus ideas son estimulantes, el estilo accesible, e incluso el humor es a la vez gratificante y desdramatizador. 
650 4 |a SINDROME DE ASPERGER 
650 4 |a AUTISMO 
900 |a 618.928982 STA 
942 |c BK 
952 |0 0  |1 0  |4 0  |6 618_928982000000000_STA  |7 0  |8 General  |9 37209  |a BC  |b BC  |c General  |d 2017-08-03  |l 0  |o 618.928982 STA  |p 1405913  |r 2026-01-13 00:00:00  |t 1  |w 2017-08-03  |y BK 
952 |0 0  |1 0  |4 0  |6 618_928982000000000_STA  |7 0  |8 General  |9 37210  |a BC  |b BC  |c General  |d 2017-08-03  |l 2  |m 4  |o 618.928982 STA  |p 1405914  |r 2026-01-13 00:00:00  |s 2019-06-05  |t 2  |w 2017-08-03  |y BK  |z Señales de humedad por inundación 2020. 
999 |c 18566  |d 18566